[Event "XII Lublin Union Memorial 2020"]
[Site "Lublin"]
[Date "2020.11.08"]
[Round "5.3"]
[White "Dziuba, Marcin"]
[Black "Nasuta, Grzegorz"]
[Result "1/2-1/2"]
[WhiteElo "2596"]
[BlackElo "2535"]
[Annotator "ChessBase"]
[PlyCount "160"]
[EventDate "2020.11.05"]
[EventType "tourn"]
[EventCountry "POL"]
[SourceTitle "playchess.com"]
[Source "ChessBase"]
[SourceQuality "1"]
[TimeControl "40/5400+30:900+30"]

1. d4 {[%emt 0:00:00]} d5 {[%emt 0:00:00]} 2. c4 {[%emt 0:00:00]} c6 {[%emt 0:00:00]} 3. Nc3 {[%emt 0:00:02]} Nf6 {[%emt 0:00:00]} 4. e3 {[%emt 0:00:05]} e6 {[%emt 0:00:00]} 5. Nf3 {[%emt 0:00:23]} Nbd7 {[%emt 0:00:09]} 6. Qc2 {[%emt 0:00:17]} Bd6 {[%emt 0:00:11]} 7. Bd3 {[%emt 0:00:15]} O-O {[%emt 0:00:08]} 8. O-O {[%emt 0:00:17]} dxc4 {[%emt 0:00:05]} 9. Bxc4 {[%emt 0:00:05]} b5 {[%emt 0:00:06]} 10. Be2 {[%emt 0:00:19]} Bb7 {[%emt 0:00:33]} 11. e4 {[%emt 0:01:17]} e5 {[%emt 0:00:07]} 12. dxe5 {[%emt 0:00:06]} Nxe5 {[%emt 0:00:07]} 13. Nd4 {[%emt 0:00:45]} Neg4 {[%emt 0:02:03]} 14. g3 {[%emt 0:00:40]} Bc5 {[%emt 0:00:07]} 15. Nf5 {[%emt 0:00:25]} Re8 {[%emt 0:00:15]} 16. Bf4 {[%emt 0:01:04]} Nxf2 {[%emt 0:03:43]} 17. Rxf2 {[%emt 0:02:03]} Bxf2+ {[%emt 0:00:14]} 18. Kxf2 {[%emt 0:00:05]} b4 {[%emt 0:00:07]} 19. e5 {[%emt 0:03:04]} bxc3 {[%emt 0:00:33]} 20. exf6 {[%emt 0:00:31]} Qxf6 {[%emt 0:01:06]} 21. g4 {[%emt 0:02:14]} cxb2 {[%emt 0:00:26]} 22. Rb1 {[%emt 0:02:20]} Bc8 {[%emt 0:01:54]} 23. Qxb2 {[%emt 0:02:01]} Bxf5 {[%emt 0:00:07]} 24. Qxf6 {[%emt 0:00:22]} Rxe2+ {[%emt 0:00:07]} 25. Kxe2 {[%emt 0:00:04]} Bxg4+ {[%emt 0:00:07]} 26. Kf2 {[%emt 0:00:13]} gxf6 {[%emt 0:00:06]} 27. Rg1 {[%emt 0:00:04]} h5 {[%emt 0:00:06]} 28. h3 {[%emt 0:00:04]} f5 {[%emt 0:00:04]} 29. hxg4 {[%emt 0:00:06]} fxg4 {[%emt 0:00:05]} 30. Rh1 {[%emt 0:06:56]} Rd8 {[%emt 0:00:36]} 31. Rxh5 {[%emt 0:02:11]} Rd3 {[%emt 0:00:16]} 32. Rg5+ {[%emt 0:04:03]} Kh7 {[%emt 0:00:07]} 33. Rxg4 {[%emt 0:04:19]} Ra3 {[%emt 0:00:31]} 34. Be5 {[%emt 0:00:37]} Rxa2+ {[%emt 0:09:44]} 35. Kg3 {[%emt 0:01:02]} Ra5 {[%emt 0:00:33]} 36. Bf6 {[%emt 0:05:00]} Rf5 {[%emt 0:01:01]} 37. Bd4 {[%emt 0:00:24]} f6 {[%emt 0:11:58]} 38. Kh4 {[%emt 0:05:26]} a5 {[%emt 0:03:50]} 39. Bc3 {[%emt 0:00:48]} a4 {[%emt 0:03:44]} 40. Rxa4 {[%emt 0:00:00]} Kg6 {[%emt 0:00:00]} 41. Rc4 {[%emt 0:01:50]} c5 {[%emt 0:06:52]} 42. Bd2 {[%emt 0:03:35]} Rh5+ {[%emt 0:03:24]} 43. Kg4 {[%emt 0:03:20]} Rd5 {[%emt 0:06:32]} 44. Be3 {[%emt 0:00:17]} Re5 {[%emt 0:00:11]} 45. Kf3 {[%emt 0:01:03]} Rf5+ {[%emt 0:01:35]} 46. Kg3 {[%emt 0:00:41]} Re5 {[%emt 0:00:48]} 47. Bxc5 {[%emt 0:01:01]} Rg5+ {[%emt 0:00:06]} 48. Kf3 {[%emt 0:00:31]} Rf5+ {[%emt 0:00:05]} 49. Ke2 {[%emt 0:00:53]} Re5+ {[%emt 0:00:09]} 50. Be3 {[%emt 0:00:13]} Ra5 {[%emt 0:01:56]} 51. Rc6 {[%emt 0:08:26]} Rd5 {[%emt 0:01:16]} 52. Bd2 {[%emt 0:02:47]} Re5+ {[%emt 0:01:10]} 53. Kd3 {[%emt 0:00:17]} Rd5+ {[%emt 0:01:18]} 54. Kc2 {[%emt 0:00:30]} Rf5 {[%emt 0:00:21]} 55. Bc3 {[%emt 0:00:18]} Rf3 {[%emt 0:00:10]} 56. Kd2 {[%emt 0:00:26]} Kf7 {[%emt 0:00:38]} 57. Ke2 {[%emt 0:00:20]} Rf4 {[%emt 0:00:32]} 58. Ke3 {[%emt 0:00:36]} Rf1 {[%emt 0:00:16]} 59. Ke4 {[%emt 0:00:05]} Rf2 {[%emt 0:06:02]} 60. Bd4 {[%emt 0:02:26]} Rf1 {[%emt 0:00:20]} 61. Kd5 {[%emt 0:00:05]} Rd1 {[%emt 0:08:45]} 62. Rxf6+ {[%emt 0:01:56]} Ke7 {[%emt 0:00:13]} 63. Rf2 {[%emt 0:01:58]} Kd7 {[%emt 0:00:08]} 64. Rf7+ {[%emt 0:01:05]} Kd8 {[%emt 0:00:06]} 65. Rh7 {[%emt 0:03:04]} Rd2 {[%emt 0:00:06]} 66. Ke5 {[%emt 0:02:19]} Kc8 {[%emt 0:00:05]} 67. Bc5 {[%emt 0:02:42]} Rd7 {[%emt 0:00:09]} 68. Rh2 {[%emt 0:04:11]} Kc7 {[%emt 0:05:57]} 69. Bb4 {[%emt 0:01:45]} Rd1 {[%emt 0:02:58]} 70. Rc2+ {[%emt 0:04:55]} Kd7 {[%emt 0:00:59]} 71. Ba5 {[%emt 0:01:20]} Ra1 {[%emt 0:12:38]} 72. Rc7+ {[%emt 0:01:09]} Kd8 {[%emt 0:00:10]} 73. Ra7+ {[%emt 0:05:11]} Kc8 {[%emt 0:00:21]} 74. Kd6 {[%emt 0:00:23]} Kb8 {[%emt 0:01:00]} 75. Ra6 {[%emt 0:00:52]} Kb7 {[%emt 0:00:08]} 76. Rb6+ {[%emt 0:02:05]} Ka7 {[%emt 0:00:06]} 77. Rb5 {[%emt 0:00:34]} Ka6 {[%emt 0:00:05]} 78. Rb8 {[%emt 0:00:29]} Rxa5 {[%emt 0:01:33]} 79. Kc6 {[%emt 0:00:17]} Ka7 {[%emt 0:00:05]} 80. Rb7+ {[%emt 0:00:04]} Ka8 {[%emt 0:00:13]} 1/2-1/2

[Event "XII Lublin Union Memorial 2020"]
[Site "Lublin"]
[Date "2020.11.08"]
[Round "5.4"]
[White "Teclaf, Pawel"]
[Black "Ovsejevitsch, Sergei"]
[Result "1/2-1/2"]
[WhiteElo "2477"]
[BlackElo "2587"]
[Annotator "ChessBase"]
[PlyCount "60"]
[EventDate "2020.11.05"]
[EventType "tourn"]
[EventCountry "POL"]
[SourceTitle "playchess.com"]
[Source "ChessBase"]
[SourceQuality "1"]
[TimeControl "40/5400+30:900+30"]

1. e4 {[%emt 0:00:00]} e5 {[%emt 0:00:00]} 2. Nf3 {[%emt 0:00:00]} Nc6 {[%emt 0:00:00]} 3. Bb5 {[%emt 0:00:00]} Nf6 {[%emt 0:00:45]} 4. O-O {[%emt 0:02:43]} Nxe4 {[%emt 0:00:29]} 5. Re1 {[%emt 0:06:09]} Nd6 {[%emt 0:00:43]} 6. Nxe5 {[%emt 0:00:30]} Be7 {[%emt 0:00:45]} 7. Bf1 {[%emt 0:00:23]} O-O {[%emt 0:01:43]} 8. d4 {[%emt 0:01:49]} Nf5 {[%emt 0:11:44]} 9. Nxc6 {[%emt 0:11:10]} dxc6 {[%emt 0:00:56]} 10. c3 {[%emt 0:01:25]} c5 {[%emt 0:07:26]} 11. dxc5 {[%emt 0:04:05]} Qxd1 {[%emt 0:01:39]} 12. Rxd1 {[%emt 0:00:04]} Bxc5 {[%emt 0:00:10]} 13. Nd2 {[%emt 0:04:57]} Re8 {[%emt 0:02:46]} 14. Nf3 {[%emt 0:15:38]} h6 {[%emt 0:07:59]} 15. Bf4 {[%emt 0:02:55]} Bb6 {[%emt 0:05:17]} 16. h3 {[%emt 0:03:46]} Be6 {[%emt 0:03:46]} 17. g4 {[%emt 0:02:03]} Ne7 {[%emt 0:01:04]} 18. Nd4 {[%emt 0:00:12]} Bd5 {[%emt 0:13:06]} 19. Nb5 {[%emt 0:07:11]} Bf3 {[%emt 0:07:23]} 20. Rd3 {[%emt 0:07:07]} Be4 {[%emt 0:01:12]} 21. Rd2 {[%emt 0:00:03]} Ng6 {[%emt 0:08:11]} 22. Bxc7 {[%emt 0:04:15]} Nh4 {[%emt 0:00:21]} 23. Be2 {[%emt 0:00:40]} Bf3 {[%emt 0:07:12]} 24. Bxb6 {[%emt 0:04:25]} Bxe2 {[%emt 0:00:16]} 25. Nd4 {[%emt 0:00:07]} Bxg4 {[%emt 0:01:02]} 26. hxg4 {[%emt 0:00:39]} axb6 {[%emt 0:00:04]} 27. f3 {[%emt 0:00:32]} Ng6 {[%emt 0:04:00]} 28. Kf2 {[%emt 0:02:37]} Re5 {[%emt 0:02:49]} 29. Nf5 {[%emt 0:04:26]} h5 {[%emt 0:01:52]} 30. Kg3 {[%emt 0:04:53]} hxg4 {[%emt 0:01:27]} 1/2-1/2

[Event "XII Lublin Union Memorial 2020"]
[Site "Lublin"]
[Date "2020.11.09"]
[Round "6.1"]
[White "Czernek, Tymon"]
[Black "Ovsejevitsch, Sergei"]
[Result "1/2-1/2"]
[WhiteElo "2359"]
[BlackElo "2587"]
[Annotator "TA"]
[PlyCount "75"]
[EventDate "2020.11.05"]
[EventType "tourn"]
[EventCountry "POL"]
[SourceTitle "playchess.com"]
[Source "ChessBase"]
[SourceQuality "1"]

{[%evp 22,75,22,14,7,15,17,0,23,23,25,0,0,-9,-12,-6,-15,-25,-6,-11,0,0,0,-43,-42,-58,0,7,-2,-9,-7,-9,0,-7,29,15,18,9,11,10,11,0,0,0,0,0,0,0,0,0,0,0,0,0,0,0]} 1. e4 e5 2. Nf3 Nc6 3. Bc4 Bc5 4. O-O Nf6 5. d3 d6 6. c3 a6 7. Bb3 Ba7 8. Nbd2 {[%cal Bb1d2,Bd2f1,Bf1g3,Bg3f5][%mdl 32]} O-O 9. h3 h6 10. Re1 Re8 11. Nf1 Be6 12. Ng3 {12.Be3 is setting a new trend. Played by Santosh Gujrathi Vidit in October 2020.} Bxb3 {C54: Giuoco Piano: 4 c3 Nf6, main lines with 5 d4 and 5 d3.} 13. Qxb3 Qd7 {13...Rb8 is not played anymore.} 14. Nf5 {[#]} Kh7 $146 ({Predecessor:} 14... d5 15. Bd2 Qe6 16. Qc2 dxe4 17. dxe4 Rad8 18. b3 Ne7 19. Be3 Bxe3 20. Nxe3 Ng6 {1-0 (56) Petukhov,V (2218)-Popenkov,A (2307) ICCF email 2012}) 15. Qc2 Ne7 16. N3h4 Ng6 17. Qd2 {With the idea Nxg7!} Nxh4 18. Nxh4 d5 19. Nf5 {[#] Strongly threatening Nxg7!} Ng8 20. Qe2 Ne7 21. Qh5 Qe6 22. g4 dxe4 23. Rxe4 Qg6 (23... Qf6 $15) 24. Qxg6+ $11 Nxg6 25. h4 Rad8 26. h5 $132 {[%mdl 2048] [#] Black must now prevent Be3. White has counterplay} Nf8 27. Be3 Bb8 28. Rd1 Nd7 {The position is equal.} 29. g5 hxg5 30. Bxg5 f6 31. Be3 g6 $1 {[%cal Rg6f5]} 32. hxg6+ Kxg6 33. Nh4+ Kf7 34. Nf5 Kg6 35. Nh4+ Kf7 36. Nf5 Kg6 37. Nh4+ Kf7 38. Nf5 {Av CentiPawn Loss W=-5/B=-6. Weighted=-7/-7} 1/2-1/2

[Event "XII Lublin Union Memorial 2020"]
[Site "Lublin"]
[Date "2020.11.09"]
[Round "6.2"]
[White "Nasuta, Grzegorz"]
[Black "Teclaf, Pawel"]
[Result "1/2-1/2"]
[WhiteElo "2535"]
[BlackElo "2477"]
[Annotator "TA"]
[PlyCount "60"]
[EventDate "2020.11.05"]
[EventType "tourn"]
[EventCountry "POL"]
[SourceTitle "playchess.com"]
[Source "ChessBase"]
[SourceQuality "1"]

{[%evp 9,60,41,72,70,57,20,33,24,50,56,49,45,42,30,38,16,21,10,11,0,0,0,0,0,30,17,25,39,43,41,22,17,37,32,78,70,77,77,75,45,72,37,33,16,20,13,13,13,72,19,28,7,24]} 1. d4 Nf6 2. c4 b6 3. f3 e6 4. e4 Bb4+ 5. Bd2 {[#]} c5 $146 ({Predecessor:} 5... Bxd2+ 6. Qxd2 O-O 7. Nc3 d6 8. Nge2 Ba6 9. b3 c6 10. Ng3 d5 11. e5 Ne8 {½-½ (54) Malyshev,G (2339)-Hamitevici,V (2502) St Petersburg 2018}) 6. Bxb4 {A50: Queen's Fianchetto Defence (1 d4 Nf6 2 c4 b6).} cxb4 7. Bd3 Nc6 8. Ne2 {White is slightly better.} d6 9. a3 O-O 10. O-O Bb7 11. Qd2 a5 12. d5 Ne5 13. axb4 b5 14. dxe6 bxc4 15. exf7+ Rxf7 16. Bc2 $36 {[%cal Rb4a5][%mdl 2048] White has good play.} Qb6+ 17. Qd4 Qxd4+ 18. Nxd4 axb4 19. Rxa8+ Bxa8 20. Nd2 Rf8 21. f4 Nf7 22. Nxc4 {[#] Strongly threatening e5.} Bxe4 23. Bxe4 Nxe4 24. Nc6 b3 25. N4a5 Nc5 26. Rf3 Re8 27. Nd4 Re1+ 28. Rf1 Rxf1+ 29. Kxf1 Nd3 30. Ndxb3 Nxb2 {Av CentiPawn Loss W=-12/B=-7. Weighted=-11/-9} 1/2-1/2

[Event "XII Lublin Union Memorial 2020"]
[Site "Lublin"]
[Date "2020.11.09"]
[Round "6.3"]
[White "Pacan-Milej, Kosma"]
[Black "Dziuba, Marcin"]
[Result "0-1"]
[WhiteElo "2423"]
[BlackElo "2596"]
[Annotator "TA"]
[PlyCount "132"]
[EventDate "2020.11.05"]
[EventType "tourn"]
[EventCountry "POL"]
[SourceTitle "playchess.com"]
[Source "ChessBase"]
[SourceQuality "1"]

{[%evp 23,132,26,63,67,46,46,61,56,58,67,70,82,65,30,99,99,137,128,145,141,131,138,128,50,42,49,223,126,132,129,119,-110,-119,-181,-64,-64,-64,-81,-65,-66,-75,-101,-85,-86,-81,-123,-64,-81,-64,-68,-64,-64,-64,-106,-101,-101,-99,-101,-62,-64,-62,-64,-13,-13,-12,-12,-12,-12,-12,-12,-12,-14,-19,-62,-62,-62,-62,-72,-78,-157,-160,-211,-210,-394,-394,-371,-341,-29968,-29969,-29974,-29975,-29975,-29976,-29977,-29978,-29979,-29980,-29982,-29981,-29981,-29982,-29982,-29982,-29982,-29983,-29984,-29985,-29985,-29986,-29986,-29986]} 1. d4 Nf6 2. c4 g6 3. g3 Bg7 4. Bg2 d5 5. cxd5 Nxd5 6. Nf3 O-O 7. O-O Nb6 8. Nc3 Nc6 9. d5 Na5 10. Qc2 c6 11. dxc6 Nxc6 12. Rd1 Qc7 13. Nb5 {D76: Fianchetto Grünfeld: Main Line with 7...Nb6.} Qb8 14. Bf4 e5 15. Be3 {White is slightly better.} Bf5 16. Qc5 Nc8 $5 {[%mdl 4] Leaves trodden paths.} 17. Rac1 {[#]} a6 $146 ({Predecessor:} 17... Re8 18. Ng5 h6 19. Ne4 Bxe4 20. Bxe4 a6 21. Nc3 N8e7 22. Rd7 Qc8 23. Rcd1 Nd4 24. Qxc8 Raxc8 25. Bxb7 {1-0 (36) Harestad,H (2239)-Ekeberg,C (2305) Norway 2009}) 18. Na3 Be6 (18... Re8 $11 {remains equal.}) 19. Ng5 $36 {[%mdl 2048] Keeping Black busy.} Bxa2 20. Rd7 h6 {[#]} 21. Ra1 $1 hxg5 22. Rxa2 {And now Nc4 would win.} N8a7 23. Bd5 (23. b4 $16) 23... Qc8 $14 24. Qd6 Qe8 $2 ({Black should try} 24... e4 $1 $14) 25. Bxg5 (25. Bxa7 $18 Nxa7 26. Rxb7 (26. Bxb7 Rb8 $16)) 25... Nc8 $16 26. Qxg6 $1 {Threatening mate with Bf6!} N8e7 {[#]} ({Worse is} 26... Qxd7 27. Bf6 Qg4 28. Qxg4 Kh8 29. Qxg7#) 27. Qd6 $2 (27. Bxe7 $1 $16 {stays on course. White wants to mate with Bf6!} Nxe7 28. Qd3) 27... Nxd5 $17 28. Rxb7 (28. Nc2 $17 {was necessary.} Nb6 29. Rxb7) 28... Qe6 (28... Qc8 $19 29. Qd7 e4) 29. Qxe6 $15 fxe6 30. Nc4 Rf7 31. Rxf7 Kxf7 32. e4 Ndb4 33. Ra3 Nd4 {White must now prevent ...Nbc2.} 34. Kg2 Kg6 ({Better is} 34... Nbc2 $17 35. Ra5 Nb3) 35. Be7 Nbc6 36. Bc5 a5 37. b4 {[%cal Rb4a5]} Nc2 38. Ra2 Ne1+ 39. Kf1 Nd3 40. Bd6 a4 41. b5 {[%cal Bb4b5,Bb5b6,Bb6b7][%mdl 32]} Ncb4 42. Ra3 {Hoping for b6.} Bf8 (42... Rc8 $15 43. Ne3 Bf8 44. Bxb4 Nxb4) 43. Bxb4 $11 Nxb4 44. b6 Kf6 45. b7 {White threatens Rf3+ and mate.} Rb8 46. Na5 Bd6 47. Rxa4 Nd3 $1 48. Ke2 Nc5 $1 {[%csl LRa4,LRb7][%mdl 64] Double Attack} 49. Rb4 Bc7 50. Nc4 Nxe4 51. Ke3 ({White should play} 51. h4) 51... Nc5 $17 52. Rb5 (52. Nd2 $17 {keeps fighting.} Rxb7 53. Rxb7 Nxb7 54. Ne4+ Kf7 55. h4) 52... Nxb7 $19 53. h4 $2 (53. Ke2 {might work better.}) 53... Nd6 54. Nxd6 Bxd6 55. Rxb8 $2 (55. Ra5 $19) 55... Bxb8 {[%mdl 4096] Endgame KB-K3P. Black mates.} 56. Ke4 Ba7 57. f4 exf4 58. Kxf4 {KB-KPP} Bb8+ 59. Kf3 Ke5 60. g4 Bd6 61. Ke3 Be7 62. g5 Kf5 63. Kd4 Kf4 64. g6 Bxh4 65. Kc5 Bf6 66. Kd6 Kf5 {Quite a comeback for Black. Av CentiPawn Loss W=-36/B=-10. Weighted=-35/-14} 0-1

[Event "XII Lublin Union Memorial 2020"]
[Site "Lublin"]
[Date "2020.11.09"]
[Round "6.4"]
[White "Szpar, Milosz"]
[Black "Sliwicka, Alicja"]
[Result "1/2-1/2"]
[WhiteElo "2449"]
[BlackElo "2311"]
[Annotator "TA"]
[PlyCount "177"]
[EventDate "2020.11.05"]
[EventType "tourn"]
[EventCountry "POL"]
[SourceTitle "playchess.com"]
[Source "ChessBase"]
[SourceQuality "1"]

{[%evp 10,177,23,10,30,23,30,11,31,25,43,37,33,31,93,22,37,28,29,27,35,35,43,21,34,39,38,31,35,6,10,0,7,0,34,25,24,24,45,45,71,71,71,71,71,71,71,71,71,71,71,71,71,72,72,71,72,72,79,80,87,71,129,129,127,72,125,0,0,0,0,0,0,0,0,0,0,0,0,0,0,0,0,0,0,0,0,0,0,0,0,0,0,0,0,0,0,0,0,0,0,0,0,0,0,0,0,0,0,0,0,0,0,0,0,0,0,0,0,0,0,0,0,0,0,0,0,0,0,0,0,0,0,0,0,0,0,0,0,0,0,0,0,0,0,0,0,0,19,0,0,0,19,19,27,0,0,0,0,0,0,0,0,0,0,0,0,0,0,0]} 1. c4 c5 2. Nf3 Nc6 3. d4 cxd4 4. Nxd4 Nf6 5. Nc3 e6 6. a3 Qc7 {A33: Symmetrical English: 2 Nf3 Nf6 3 d4 cxd4 4 Nxd4 e6 5 Nc3 Nc6.} 7. Bg5 a6 8. Rc1 Be7 9. e3 {[#]} b6 $146 ({Predecessor:} 9... O-O 10. Be2 d6 11. O-O Bd7 12. e4 Rac8 13. Be3 Qb8 14. f4 Rfd8 15. Nf3 b5 16. cxb5 axb5 {½-½ (29) Perini,G (2242)-Wharrier,J (2364) ICCF email 2014}) 10. Nf3 Bb7 11. Bf4 d6 {[#]} ({Better is} 11... Qd8 $14) 12. Nd5 (12. Nb5 $1 $16 {[%cal Rb5c7][%mdl 512]} Qd7 (12... axb5 13. cxb5) 13. Nxd6+ Bxd6 14. Qxd6 (14. Bxd6 O-O-O $14)) 12... exd5 $11 13. cxd5 {[%mdl 64] Discovered Attack} Qd7 {...Nd8 is the strong threat.} 14. dxc6 Bxc6 15. Bd3 Qb7 16. Qc2 Bxf3 17. gxf3 O-O 18. Ke2 Rac8 19. Qb1 b5 20. Bf5 Rc4 21. Rhg1 Kh8 22. Bg3 $36 {[%mdl 2048] White is more active.} g6 23. Bd3 Rxc1 24. Rxc1 Nh5 25. Qc2 Nxg3+ 26. hxg3 Bf6 27. b3 Rb8 28. Be4 d5 29. Qc6 dxe4 30. Qxf6+ $16 {[%mdl 4096] Endgame KQR-KQR} Kg8 31. fxe4 Rc8 32. Rxc8+ Qxc8 {KQ-KQ} 33. Kd2 h5 34. Qd6 a5 35. Qd5 b4 (35... Qf8 $142) 36. axb4 ({Wrong is} 36. Qxa5 $2 Qc3+ 37. Kd1 Qxb3+ 38. Kc1 Qc3+ 39. Kb1 Qe1+ 40. Kb2 bxa3+ 41. Qxa3 Qxf2+ 42. Kc1 Qxg3 $19) 36... axb4 37. Qd4 (37. Ke2 $142) 37... Qb7 (37... g5 $142) 38. f4 (38. Ke1 $16) 38... Qb5 $11 39. e5 Qa5 40. Kd3 Qb5+ 41. Qc4 Qd7+ 42. Ke2 Qh3 43. Qxb4 Qxg3 44. Qe7 h4 45. Qd8+ Kg7 46. Qf6+ Kg8 47. Qg5 Qh2+ 48. Kd3 Qh3 49. Qd8+ Kh7 50. Qf6 Qd7+ 51. Ke2 h3 52. Qh4+ Kg8 53. Qg3 Qc8 54. Kf2 Qc2+ 55. Kg1 Qxb3 56. Qxh3 Qc2 57. Qf3 Qd2 58. Kf1 (58. e4 {is more complex.} Kg7 59. Qf2 Qc1+ 60. Kh2 Qd1 61. f5) 58... Kg7 59. Qe2 (59. e4 {seems wilder.} Qc1+ 60. Kf2 Qc2+ 61. Ke1 Qc1+ 62. Ke2) 59... Qd5 60. Ke1 Qe4 61. Kf2 Qh1 62. Qf3 (62. e4 {looks sharper.} Qh4+ 63. Kf3 Qh3+ 64. Kf2 Qh4+) 62... Qb1 63. Qd5 Qc2+ 64. Kf3 Qh2 65. Qd4 (65. Ke4 {is interesting.} Qh1+ 66. Kd4 Qa1+ 67. Kc4 Qc1+ 68. Kd4) 65... Qh1+ 66. Ke2 Qg2+ 67. Kd3 Qf1+ 68. Kc3 {Black must now prevent e6+.} Qa1+ 69. Kc4 Qa6+ 70. Kc5 Qc8+ 71. Kb5 {Threatens to win with e6+.} Qb7+ 72. Ka5 Qa8+ 73. Kb4 Qb7+ 74. Kc3 {aiming for e6+.} Qc6+ 75. Qc4 (75. Kd3 {with more complications.} Qe6 76. Kd2 g5 77. fxg5 Qa2+ 78. Ke1) 75... Qb6 76. Kd2 Qb2+ 77. Qc2 Qb7 78. Qc4 Qb2+ 79. Kd3 Qb1+ 80. Ke2 Qb2+ 81. Kf3 Qh2 82. e6 {Strongly threatening e7.} Qh3+ {The position is equal.} 83. Ke4 {And now e7 would win.} Qf5+ 84. Kd4 {Black should prevent exf7.} fxe6 85. Qc7+ Kg8 86. Qd8+ Kf7 87. Qc7+ Ke8 88. e4 Qb5 89. Qc8+ {Av CentiPawn Loss W=-5/B=-5. Weighted=-8/-5} 1/2-1/2

[Event "XII Lublin Union Memorial 2020"]
[Site "Lublin"]
[Date "2020.11.10"]
[Round "7.1"]
[White "Sliwicka, Alicja"]
[Black "Czernek, Tymon"]
[Result "1-0"]
[WhiteElo "2311"]
[BlackElo "2359"]
[Annotator "TA"]
[PlyCount "73"]
[EventDate "2020.11.05"]
[EventType "tourn"]
[EventCountry "POL"]
[SourceTitle "playchess.com"]
[Source "ChessBase"]
[SourceQuality "1"]

{[%evp 13,73,31,34,0,0,0,17,13,25,27,39,38,70,67,90,87,119,45,70,68,71,43,110,98,138,112,160,150,137,131,143,142,154,104,133,151,222,87,274,252,544,508,808,779,1377,1375,1412,1329,29985,1266,29993,29994,29994,29993,29993,29994,29994,29995,29997,29998,29998,238]} 1. e4 c5 2. Nf3 d6 3. d4 cxd4 4. Nxd4 Nf6 5. Nc3 a6 6. Be3 e5 7. Nb3 Be6 8. h3 {B90: Sicilian Najdorf: Unusual White 6th moves, 6 Be3 Ng4 and 6 Be3 e5.} Be7 9. f4 exf4 10. Bxf4 {The position is equal.} Nc6 11. Qe2 O-O 12. O-O-O $1 Qc7 13. g4 b5 14. Kb1 Rac8 {[#]} 15. Rh2 $146 (15. Nd5 $16 Bxd5 16. exd5) ({Predecessor:} 15. g5 Nd7 16. Qg2 Nce5 17. Nd4 Nc4 18. Nf5 Nde5 19. Nd5 Bxd5 20. exd5 Rfe8 21. Bxe5 Nxe5 {1-0 (35) Dijkhuis,T (2204)-Haussernot,C (2003) Lille 2014}) 15... Rfe8 16. g5 Nd7 17. h4 Nce5 ({Black should play} 17... Nb6 $14) 18. Nd5 $16 Bxd5 19. exd5 Nc4 20. Qf3 Nde5 21. Qg3 a5 22. Nd4 Qc5 23. Nf5 Bf8 24. h5 a4 (24... Rc7 $16 {was worth a try.}) 25. Bc1 (25. Bxc4 $18 {is more deadly.} Qxc4 26. h6) 25... b4 $2 {[#] This move loses the game for Black.} (25... a3 $16) 26. g6 $1 $18 {[%cal Rg6f7][%mdl 512] Hoping for gxf7+.} fxg6 $2 (26... Rc7 {keeps fighting.} 27. gxh7+ Kxh7) 27. hxg6 {Black must now prevent Nh6+!} Nxg6 (27... Na3+ $142 28. bxa3 hxg6) 28. Qh3 h6 29. Bxc4 {[%mdl 64] Overworked Piece} Qxc4 30. Rg1 b3 {[#]} 31. Rxg6 (31. Nxh6+ $142 $1 {[%mdl 512]} Kh8 (31... gxh6 32. Rxg6+) 32. Nf5+ Nh4 33. Nxh4 Qf4 34. Bxf4 bxa2+ 35. Kxa2 Kg8 36. Nf5) 31... Re1 32. Nxh6+ {White mates.} Kh7 33. Ng4+ Kg8 34. Qh7+ Kf7 35. Rf2+ Ke8 {[#]} 36. Rxf8+ $1 Kxf8 37. Qxg7+ $2 {Av CentiPawn Loss W=-84/B=-137. Weighted=-101/-158} (37. Qh8+ {mates} Kf7 38. Rxg7#) 1-0

[Event "XII Lublin Union Memorial 2020"]
[Site "Lublin"]
[Date "2020.11.10"]
[Round "7.2"]
[White "Dziuba, Marcin"]
[Black "Szpar, Milosz"]
[Result "1/2-1/2"]
[WhiteElo "2596"]
[BlackElo "2449"]
[Annotator "TA"]
[PlyCount "78"]
[EventDate "2020.11.05"]
[EventType "tourn"]
[EventCountry "POL"]
[SourceTitle "playchess.com"]
[Source "ChessBase"]
[SourceQuality "1"]

{[%evp 21,78,34,28,31,34,31,44,43,70,69,69,38,47,32,33,27,25,21,38,36,40,28,101,62,108,80,100,93,146,62,45,51,59,55,61,58,59,33,38,48,43,37,37,0,0,0,0,0,0,0,0,0,0,-1,-22,-14,0,-218,-171]} 1. d4 Nf6 2. c4 g6 3. Nc3 Bg7 4. e4 d6 5. Nf3 O-O 6. Be2 e5 7. O-O exd4 8. Nxd4 Re8 9. f3 c6 10. Kh1 Nbd7 11. Bg5 Qb6 12. Na4 {E94: King's Indian: Classical: 6 Be2 e5 7 0-0: Various Black 7th moves.} Qa5 13. Bf4 Ne5 14. Nc3 {[#] White is slightly better.} Qc7 $146 ({Predecessor:} 14... d5 15. cxd5 cxd5 16. Bb5 Bd7 17. Bxe5 Rxe5 18. f4 Rxe4 19. Bxd7 Nxd7 20. Nxe4 dxe4 {1-0 (72) Beliavsky,A (2632)-Bologan,V (2690) Sibenik 2010}) 15. Qd2 a5 16. Rfd1 Nfd7 17. Nc2 Nb6 18. Ne3 ({Worse is} 18. Qxd6 Qxd6 19. Rxd6 Nexc4 $17) 18... Be6 19. b3 a4 20. Rac1 axb3 21. axb3 Ra3 (21... Nbd7 $11 {keeps the balance.}) 22. Rb1 ({Weaker is} 22. Qxd6 Qxd6 23. Rxd6 Rxb3 $17) 22... Rea8 23. Rdc1 Nbd7 {[#] White should prevent ...Nc5.} 24. Nc2 $1 R3a6 {[#]} ({Better is} 24... R3a5) 25. c5 ({White should try} 25. Bh6 $1 $16) 25... Nxc5 $14 26. Bxa6 Rxa6 27. Nd4 $1 Ned3 28. Nxe6 fxe6 29. Rc2 Nxf4 30. Qxf4 Rb6 31. Ra2 {Ra8+ would kill now.} h6 32. Ra8+ Kh7 33. Ne2 Rxb3 34. Rxb3 Nxb3 35. h4 c5 36. h5 g5 37. Qg4 Qf7 38. f4 {Hoping for Qf3.} Nd4 39. fxg5 $2 (39. Nxd4 $11 Bxd4 40. Rd8) 39... hxg5 {Av CentiPawn Loss W=-17/B=-10. Weighted=-16/-10} 1/2-1/2